Vista normal
Vista MARC
Entrada Materia (personas)
Número de registros utilizados en: 2
001 - CONTROL NUMBER
- control field: 71949
003 - CONTROL NUMBER IDENTIFIER
- control field: Co-BoUCM
005 - DATE AND TIME OF LATEST TRANSACTION
- control field: 20151002153907.0
008 - FIXED-LENGTH DATA ELEMENTS
- fixed length control field: 151002|| aca||aabn | a|a d
040 ## - CATALOGING SOURCE
- Original cataloging agency: Co-BoUCM
- Transcribing agency: Co-BoUCM
100 ## - HEADING--PERSONAL NAME
- Personal name: Murillo Toro, Manuel
- Dates associated with a name: 1816-1880
- Form subdivision: Biografías
670 ## - SOURCE DATA FOUND
- Source citation: Work cat.: (Co-BoUCM)15944: Bateman Duran, Alfredo 71948, Manuel Murillo Toro, 1978